Geografía de la argentina y del mercosur en el siglo xxi /
Guardado en:
| Autor Principal: | |
|---|---|
| Otros Autores: | |
| Formato: | Libro |
| Publicado: |
Buenos Aires :
Kapelusz,
1999
|
| Series: | Biblioteca del Polimodal
|
| Materias: | |
| Etiquetas: |
Agregar Etiqueta
Sin Etiquetas, Sea el primero en etiquetar este registro!
|
| LEADER | 01553nam a22002535a 4500 | ||
|---|---|---|---|
| 001 | CEM.cems013623 | ||
| 008 | 130507s1999##################000#0#####d | ||
| 005 | 20220705160422.0 | ||
| 003 | CEMS | ||
| 245 | 1 | 0 | |a Geografía de la argentina y del mercosur en el siglo xxi / |c Susana María Sassone y Celia V. Bertone de Daguerre |
| 260 | |a Buenos Aires : |b Kapelusz, |c 1999 | ||
| 300 | |a 319 p. | ||
| 490 | 0 | |a Biblioteca del Polimodal | |
| 505 | 0 | |a La Argentina contemporánea, transformaciones en el mundo globalizado -- El Estado argentino, mirar hacia afuera y mirar hacia adentro -- Reestructuración económica, hacia una nueva Argentina -- La sociedad argentina, ajuste estructural, costo social y diferenciación territorial -- Area metropolitana de Buenos Aires, centro geográfico de la Argentina -- La región pampeana, área nuclear del país -- Región del noroeste, riqueza natural y exclusión social -- La región del nordeste, crisis económica y fragmentación social -- La región de Nuevo cuyo, agua, montañas y oasis agroindustriales -- La patagonia, un espacio para poblar -- El Mercado Común del Sur, la integración económica hacia el mundo | |
| 020 | |a 9501324052 | ||
| 100 | 1 | |a Sasone, Susana María | |
| 700 | 1 | |a Bertone de Daguerre, Celia V. | |
| 082 | 0 | 4 | |a Z918.2 |
| 653 | |a Geografía | ||
| 653 | |a Geografía argentina | ||
| 653 | |a Mercosur | ||
| 653 | |a Argentina-regiones geográficas | ||
| 859 | |a CEMS |b BIB. CEMS - 11 de abril |h 918.2 |i Sa79-1 |p 26261.12 |t Ej.1 | ||
| 859 | |a CEMS |b BIB. CEMS - 11 de abril |h 918.2 |i Sa79-1 |p 29355.22 |t Ej.2 | ||
